000 00528nam a22001937a 4500
005 20260429091802.0
008 260429b |||||||| |||| 00| 0 eng d
020 _a978-1-292-16497-7
050 _aHD 30.28.D38 2017
100 _aDAVID FRED R.
245 _aSTRATEGIC MANAGEMENT CONCEPTS
250 _a7th
260 _aNEWYORK
_bPEARSON PUBLISHERS
_c2017
300 _aX,420
500 _aINCLUDES APPENDIX,GLOSARY AND SUBJECT INDEX
650 _aStrategic management
700 _aDAVID FOREST R,
942 _2lcc
_cBK
999 _c217067
_d217067